000 00600nam a2200241Ia 4500
005 20250425161931.0
008 250425s9999 xx 000 0 und d
020 _a8449401887
041 _aspa
043 _asp
082 _a463
100 _aOCEANO, GRUPO EDITORIAL S.A.
245 0 _aOCEANO UNO COLOR DICCIONARIO ENCICLOPEDICO
250 _a1A ED.
260 _aBARCELONA
260 _aEspaña
_bOCEANO
_c1996
300 _a1784
650 _aDICCIONARIOS Y ENCICLOPEDIAS
650 _aDICCIONARIOS-ESPAÑOL
710 _aOCEANO GRUPO EDITORIAL
942 _c01
010 _a35388
999 _c219126
_d219126